[Event "22nd European Teams"]
[Site "Batumi GEO"]
[Date "2019.11.01"]
[Round "8.13"]
[Board "4"]
[White "Haldorsen, Benjamin"]
[Black "Prohaszka, Peter2"]
[Result "1/2-1/2"]
[WhiteTitle "IM"]
[BlackTitle "GM"]
[WhiteElo "2440"]
[BlackElo "2610"]
[WhiteTeam "Norway"]
[BlackTeam "Hungary"]
[WhiteFideId "1512633"]
[BlackFideId "726265"]
[EventDate "2019.10.24"]

1. e4 c6 2. d4 d5 3. exd5 cxd5 4. Bd3 Nc6 5. c3 Nf6 6. Bf4 Bg4 7. Qb3 Qd7 8. Nd2
e6 9. Ngf3 Bd6 10. Bxd6 Qxd6 11. O-O O-O 12. Rae1 Qc7 13. Qc2 Rac8 14. Ne5 g6
15. Nxc6 Qxc6 16. Qc1 Kg7 17. h3 Bf5 18. Be2 h5 19. Nf3 Rh8 20. Ne5 Qc7 21. Qe3
h4 22. Rc1 Qb6 23. b3 Qa5 24. c4 a6 25. a4 dxc4 26. bxc4 Qxa4 27. Bf3 Qb4 28.
Rc3 Qe7 29. Rb3 Rc7 30. Ra1 Nd7 31. c5 Nxe5 32. Qxe5+ Kh7 33. Ra2 Rd8 34. Rab2
Rdd7 35. Rb6 f6 36. Qe3 e5 37. dxe5 fxe5 38. Be4 Be6 39. Qf3 Kg7 40. Rxe6 Qxe6
41. Rb6 Rc6 42. Bxc6 bxc6 43. Rxc6 Qf5 44. Rxa6 Qxf3 45. gxf3 Rd1+ 46. Kg2 Rc1
47. Rc6 Kh7 48. Rc7+ Kg8 49. c6 Kf8 50. Rc8+ Kg7 51. f4 e4 52. c7 Kh7 53. Re8
Rxc7 54. Rxe4 Rc3 55. Re3 Rc1 56. Kf3 Rf1 57. Ra3 Kg7 58. Ra7+ Kh6 59. Rf7 Rg1
60. f5 g5 61. Rf6+ Kg7 62. Rg6+ Kf7 63. Ke2 Rh1 64. Rxg5 Kf6 65. Rh5 Rxh3 66.
Kf1 Rf3 67. Rxh4 Kxf5 68. Ra4 Rb3 69. Kg2 Rc3 1/2-1/2

[Event "22nd European Teams"]
[Site "Batumi GEO"]
[Date "2019.11.01"]
[Round "8.14"]
[Board "1"]
[White "Kovalev, Vladislav"]
[Black "Stefansson, Hannes"]
[Result "1/2-1/2"]
[WhiteTitle "GM"]
[BlackTitle "GM"]
[WhiteElo "2661"]
[BlackElo "2541"]
[WhiteTeam "Belarus"]
[BlackTeam "Iceland"]
[WhiteFideId "13504398"]
[BlackFideId "2300087"]
[EventDate "2019.10.24"]

1. e4 e5 2. Nf3 Nf6 3. Nxe5 d6 4. Nf3 Nxe4 5. Qe2 Qe7 6. Nc3 Nxc3 7. dxc3 Qxe2+
8. Bxe2 Nc6 9. Be3 Be7 10. O-O-O Be6 11. h4 h6 12. Nd4 Nxd4 13. Bxd4 Rg8 14. Bf3
O-O-O 15. b3 c5 16. Be3 d5 17. Kb2 b6 18. g4 g5 19. hxg5 hxg5 20. Rh6 Bf8 21.
Rh5 Be7 22. Rh6 Bf8 23. Rh5 Be7 24. Rh6 1/2-1/2

[Event "22nd European Teams"]
[Site "Batumi GEO"]
[Date "2019.11.01"]
[Round "8.14"]
[Board "2"]
[White "Kjartansson, Gudmundur"]
[Black "Zhigalko, Sergei"]
[Result "1/2-1/2"]
[WhiteTitle "IM"]
[BlackTitle "GM"]
[WhiteElo "2459"]
[BlackElo "2574"]
[WhiteTeam "Iceland"]
[BlackTeam "Belarus"]
[WhiteFideId "2301318"]
[BlackFideId "13502956"]
[EventDate "2019.10.24"]

1. d4 Nf6 2. Nf3 e6 3. g3 b5 4. Nc3 b4 5. Na4 Bb7 6. Bg2 Be7 7. O-O O-O 8. a3 a5
9. c3 Na6 10. Bg5 bxa3 11. bxa3 c5 12. Ne5 Bxg2 13. Kxg2 Qc7 14. e4 d5 15. Bxf6
gxf6 16. Qg4+ Kh8 17. Nxf7+ Rxf7 18. Qxe6 Bd6 19. Nb6 Rd8 20. e5 fxe5 21. dxe5
Qe7 22. Qxe7 Bxe7 23. f4 d4 24. c4 Nc7 25. Kf3 Bf8 26. Ke4 Re7 27. Rab1 Kg8 28.
Nd5 Nxd5 29. cxd5 Red7 30. d6 Bxd6 31. exd6 Rxd6 32. Kd3 Rh6 33. Rfc1 Rxh2 34.
Rxc5 Rf2 35. Rg5+ Kh8 36. Rb7 Rf3+ 37. Kd2 Rf2+ 38. Kd3 Rf3+ 39. Ke2 Rxa3 40.
Rh5 Kg8 41. Rbxh7 Re8+ 42. Kd2 Ree3 43. Rh8+ Kg7 44. R8h7+ Kg8 45. Rh8+ Kg7 46.
R8h7+ 1/2-1/2

[Event "22nd European Teams"]
[Site "Batumi GEO"]
[Date "2019.11.01"]
[Round "8.14"]
[Board "3"]
[White "Nikitenko, Mihail"]
[Black "Thorfinnsson, Bragi"]
[Result "1-0"]
[WhiteTitle "IM"]
[BlackTitle "GM"]
[WhiteElo "2423"]
[BlackElo "2436"]
[WhiteTeam "Belarus"]
[BlackTeam "Iceland"]
[WhiteFideId "13506862"]
[BlackFideId "2300958"]
[EventDate "2019.10.24"]

1. e4 c6 2. Nc3 d5 3. Nf3 dxe4 4. Nxe4 Nf6 5. Qe2 Nxe4 6. Qxe4 Qd5 7. Qh4 Qe6+
8. Be2 Qg4 9. Qg3 Qxg3 10. hxg3 Bf5 11. b3 a5 12. Bb2 Na6 13. Rh5 e6 14. Nd4 Nb4
15. Nxf5 exf5 16. Bd1 a4 17. a3 Nd5 18. Rxf5 axb3 19. c4 Nb6 20. Bxb3 Na4 21.
Bd4 f6 22. Rb1 Kd7 23. Bxa4 Rxa4 24. Rxb7+ Ke6 25. Rf3 Rxc4 26. Bb2 Re4+ 27. Kd1
Be7 28. Rc3 Kf5 29. Rxc6 Rd8 30. f3 Re3 31. Rcc7 Bf8 32. Rd7 Ree8 33. Rxd8 Rxd8
34. a4 Ra8 35. Rb5+ Ke6 36. a5 Bd6 37. g4 Bc7 38. Bc3 Kd7 39. d4 Re8 40. Kd2 Kc6
41. Rc5+ Kd6 42. Kd3 Rb8 43. Kc4 h6 44. d5 Rb1 45. a6 Bb8 46. Rc8 Rb6 47. Bd4
Rb1 48. Rc6+ Kd7 49. a7 Rc1+ 50. Kd3 Rd1+ 51. Ke2 Bxa7 52. Kxd1 Bxd4 53. Ke2 1-0

[Event "22nd European Teams"]
[Site "Batumi GEO"]
[Date "2019.11.01"]
[Round "8.14"]
[Board "4"]
[White "Gretarsson, Helgi Ass"]
[Black "Zarubitski, Viachaslau"]
[Result "1/2-1/2"]
[WhiteTitle "GM"]
[BlackTitle "IM"]
[WhiteElo "2410"]
[BlackElo "2435"]
[WhiteTeam "Iceland"]
[BlackTeam "Belarus"]
[WhiteFideId "2300699"]
[BlackFideId "13509373"]
[EventDate "2019.10.24"]

1. d4 d5 2. c4 c6 3. Nf3 Nf6 4. e3 g6 5. Nc3 Bg7 6. Be2 O-O 7. O-O b6 8. a4 Ba6
9. b3 c5 10. Ba3 dxc4 11. bxc4 Nc6 12. Rc1 cxd4 13. exd4 Re8 14. Nb5 Bb7 15. d5
Na5 16. Bd3 a6 17. Nbd4 Nxd5 18. cxd5 Qxd5 19. Bb4 e5 20. Bxa5 Qxa5 21. Rc7 Bd5
22. Nb3 Qxa4 23. Bc2 Rad8 24. Nbd2 Qf4 25. g3 Qb4 26. Qb1 Qd6 27. Ra7 b5 28. Be4
Qb6 29. Bxd5 Qxa7 30. Ba2 Qe7 31. Ne4 h6 32. h4 Qa3 33. h5 Qxf3 34. hxg6 Kh8 35.
gxf7 Re7 36. Nc5 Rd2 37. Be6 e4 38. Nxe4 Rxe6 39. Nxd2 Qxf7 40. Qd3 Qg6 41. Qd5
Kh7 42. Nf3 Qe4 43. Qh5 Qg6 44. Qd5 b4 45. Rd1 Qe4 46. Qh5 Qg6 47. Qd5 Qe4 48.
Qh5 Rg6 49. Re1 Qd3 50. Nh4 Rg5 51. Qf7 Qd5 52. Re6 b3 53. Ng6 Qd1+ 54. Kg2 Qd8
55. f4 Qd5+ 56. Kh2 Rh5+ 57. Nh4 Rxh4+ 58. gxh4 Qd2+ 59. Kg3 Qd3+ 60. Kg4 Qd1+
61. Kg3 Qd3+ 62. Kg4 Qd1+ 63. Kg3 Qd3+ 64. Kg4 Qd1+ 1/2-1/2

[Event "22nd European Teams"]
[Site "Batumi GEO"]
[Date "2019.11.01"]
[Round "8.15"]
[Board "1"]
[White "Tutisani, Noe"]
[Black "Vocaturo, Daniele"]
[Result "1/2-1/2"]
[WhiteTitle "IM"]
[BlackTitle "GM"]
[WhiteElo "2412"]
[BlackElo "2620"]
[WhiteTeam "Georgia 2"]
[BlackTeam "Italy"]
[WhiteFideId "13602853"]
[BlackFideId "813192"]
[EventDate "2019.10.24"]

1. e4 e5 2. Nf3 Nc6 3. Bb5 a6 4. Ba4 d6 5. O-O Bd7 6. c3 g6 7. d4 Bg7 8. Re1 Nf6
9. Nbd2 O-O 10. Nf1 b5 11. Bb3 exd4 12. cxd4 Bg4 13. Ng3 Bxf3 14. gxf3 Na5 15.
Bc2 Nd7 16. f4 c5 17. d5 Qh4 18. Rb1 Nc4 19. b3 Ncb6 20. Be3 Nf6 21. f3 Nh5 22.
Nxh5 Qxh5 23. Kh1 Nd7 24. Rg1 Bd4 25. Rg5 Qh3 26. Bd2 Nf6 27. Bd3 Nh5 28. Rg4
Nf6 29. Rg5 Nh5 30. Rg4 Nf6 31. Rg5 1/2-1/2

[Event "22nd European Teams"]
[Site "Batumi GEO"]
[Date "2019.11.01"]
[Round "8.15"]
[Board "2"]
[White "Moroni, Luca Jr"]
[Black "Kacharava, Nikolozi"]
[Result "1/2-1/2"]
[WhiteTitle "GM"]
[BlackTitle "FM"]
[WhiteElo "2553"]
[BlackElo "2428"]
[WhiteTeam "Italy"]
[BlackTeam "Georgia 2"]
[WhiteFideId "865834"]
[BlackFideId "13611860"]
[EventDate "2019.10.24"]

1. c4 e5 2. Nc3 Nc6 3. Nf3 g6 4. d4 exd4 5. Nxd4 Bg7 6. Nxc6 bxc6 7. Qc2 Ne7 8.
Bg5 h6 9. Bh4 d6 10. Rd1 O-O 11. e3 Qe8 12. Be2 Nf5 13. Bg3 Nxg3 14. hxg3 Rb8
15. Bf3 Bd7 16. b3 Qe5 17. Ne2 a5 18. c5 a4 19. cxd6 cxd6 20. O-O axb3 21. axb3
Rb6 22. Nf4 Rfb8 23. b4 Qe7 24. Qa2 Kh7 25. Qd2 Bf8 26. Rc1 d5 27. e4 Qxb4 28.
Qxb4 Bxb4 29. exd5 c5 30. Be2 Rd6 31. Bc4 Re8 32. Rfd1 Ba4 33. Rd3 Re4 34. f3
Re8 35. Kf2 Kg7 36. Ra1 Bc2 37. Re3 Rxe3 38. Kxe3 Rd7 39. Rc1 Re7+ 40. Kf2 Ba4
41. Ra1 Bc2 42. d6 Rd7 43. Ra6 Bc3 44. Bb5 Rd8 45. d7 Bf5 46. Ra7 c4 47. Ne2 Bf6
48. Rc7 c3 49. g4 Be6 50. Ke3 Kf8 51. Nd4 Bxd4+ 52. Kxd4 c2 53. Ke5 Bxd7 54.
Bxd7 Rxd7 55. Rxc2 Kg7 56. Ke4 1/2-1/2

[Event "22nd European Teams"]
[Site "Batumi GEO"]
[Date "2019.11.01"]
[Round "8.15"]
[Board "3"]
[White "Sibashvili, Giorgi"]
[Black "Lodici, Lorenzo"]
[Result "1-0"]
[WhiteTitle "IM"]
[BlackTitle "IM"]
[WhiteElo "2382"]
[BlackElo "2469"]
[WhiteTeam "Georgia 2"]
[BlackTeam "Italy"]
[WhiteFideId "13602799"]
[BlackFideId "884189"]
[EventDate "2019.10.24"]

1. d4 Nf6 2. c4 e6 3. Nc3 Bb4 4. Qc2 b6 5. e4 c5 6. d5 Qe7 7. Ne2 exd5 8. exd5
d6 9. Bf4 O-O 10. O-O-O Ng4 11. Ng3 Bxc3 12. bxc3 b5 13. Bd3 h6 14. Rhe1 Qd8 15.
cxb5 a6 16. Ne4 c4 17. Bxc4 axb5 18. Bxb5 Bf5 19. Bxd6 Bxe4 20. Rxe4 Qxd6 21.
Rxg4 Na6 22. Bc6 Rab8 23. Qa4 h5 24. Rc4 Rb6 25. Bb5 Qe5 26. Qa5 Rfb8 27. a4 Nc7
28. d6 Ne6 29. d7 Qg5+ 30. f4 Qf6 31. Rc8+ Kh7 32. Bd3+ Kh6 33. Qf5 Nxf4 34.
Qxf6+ 1-0

[Event "22nd European Teams"]
[Site "Batumi GEO"]
[Date "2019.11.01"]
[Round "8.15"]
[Board "4"]
[White "Sonis, Francesco"]
[Black "Oboladze, Luka"]
[Result "1-0"]
[WhiteTitle "IM"]
[BlackTitle "FM"]
[WhiteElo "2475"]
[BlackElo "2336"]
[WhiteTeam "Italy"]
[BlackTeam "Georgia 2"]
[WhiteFideId "895733"]
[BlackFideId "13608207"]
[EventDate "2019.10.24"]

1. d4 Nf6 2. c4 e6 3. g3 d5 4. Nf3 Bb4+ 5. Bd2 Bd6 6. Nc3 Nc6 7. Bg5 Be7 8. Bg2
h6 9. Bxf6 Bxf6 10. O-O O-O 11. e3 dxc4 12. Qa4 e5 13. d5 Ne7 14. Rfd1 Nf5 15.
Nd2 Bd7 16. Qxc4 Nd6 17. Qb3 a5 18. Rac1 Be7 19. Nce4 b6 20. Nc4 Nxe4 21. Bxe4
Bd6 22. Bg2 b5 23. Nd2 f5 24. Qc3 a4 25. Nf3 Qe7 26. Ne1 f4 27. exf4 exf4 28.
Nd3 fxg3 29. hxg3 Qf7 30. Rd2 Rae8 31. Nc5 Qf5 32. Ne6 Rf7 33. Qd4 Kh8 34. Qh4
Be5 35. Be4 Qf6 36. Qxf6 Rxf6 37. Nxc7 Rc8 38. Rdc2 b4 39. Ne6 Rxc2 40. Rxc2 g5
41. Nc5 Bb5 42. Bd3 Be8 43. Re2 1-0

[Event "22nd European Teams"]
[Site "Batumi GEO"]
[Date "2019.11.01"]
[Round "8.16"]
[Board "1"]
[White "Hovhannisyan, Mher"]
[Black "Kulaots, Kaido"]
[Result "1-0"]
[WhiteTitle "GM"]
[BlackTitle "GM"]
[WhiteElo "2439"]
[BlackElo "2542"]
[WhiteTeam "Belgium"]
[BlackTeam "Estonia"]
[WhiteFideId "13300865"]
[BlackFideId "4500261"]
[EventDate "2019.10.24"]

1. d4 Nf6 2. c4 e6 3. Nf3 d5 4. e3 b6 5. Nc3 Bb7 6. cxd5 exd5 7. Be2 Bd6 8. O-O
O-O 9. b3 a6 10. Bb2 Nbd7 11. Rc1 Qe7 12. Qc2 Rfe8 13. a3 c5 14. a4 Rac8 15.
Rfd1 Ne4 16. dxc5 Rxc5 17. Qd3 Ne5 18. Nxe5 Bxe5 19. Nxe4 Rxc1 20. Bxc1 dxe4 21.
Qd7 Qxd7 22. Rxd7 Bc8 23. Rd2 Be6 24. Bb2 Bxb2 25. Rxb2 a5 26. h4 f5 27. b4 Rc8
28. bxa5 bxa5 29. Kh2 Kf7 30. Kg3 Kf6 31. Rb6 g6 32. Bb5 Ke5 33. Ra6 h6 34. Rxa5
Rc5 35. Ra6 g5 36. hxg5 hxg5 37. Rc6 f4+ 38. Kh2 Kd5 39. Rxc5+ Kxc5 40. Kg1 Kb4
41. Bc6 Bc8 42. Kf1 fxe3 43. fxe3 Bf5 44. Ke1 Kc5 45. Bb5 Kb4 46. Kd2 Be6 47.
Bc6 Bf5 48. Kc2 Kc5 49. Ba8 Kb4 50. a5 Kxa5 51. Kc3 Kb6 52. Kd4 Kc7 53. Ke5 Bd7
54. Bxe4 Bb5 55. Bf5 Be2 56. g4 Bf3 57. e4 Kd8 58. Kf6 Ke8 59. e5 1-0

[Event "22nd European Teams"]
[Site "Batumi GEO"]
[Date "2019.11.01"]
[Round "8.16"]
[Board "2"]
[White "Volodin, Aleksandr"]
[Black "Dardha, Daniel"]
[Result "1-0"]
[WhiteTitle "GM"]
[BlackTitle "FM"]
[WhiteElo "2491"]
[BlackElo "2433"]
[WhiteTeam "Estonia"]
[BlackTeam "Belgium"]
[WhiteFideId "4501950"]
[BlackFideId "240990"]
[EventDate "2019.10.24"]

1. c4 f5 2. Nf3 d6 3. d4 Nf6 4. e3 g6 5. b4 Bg7 6. Bb2 O-O 7. Qb3 e6 8. Be2 Nc6
9. Nbd2 h6 10. O-O g5 11. Rfd1 Ne7 12. Rac1 Ng6 13. c5 Rf7 14. b5 Bf8 15. a4 Rg7
16. Bd3 g4 17. Ne1 d5 18. c6 b6 19. Bf1 Ne4 20. Nd3 Bd6 21. g3 Nh4 22. Be2 Qg5
23. Nf4 Nxd2 24. Rxd2 Nf3+ 25. Bxf3 gxf3 26. Kh1 a6 27. Ra1 h5 28. Qd1 Bxf4 29.
exf4 Qg4 30. Rd3 e5 31. dxe5 axb5 32. e6 Bxe6 33. Bxg7 Qxg7 34. Re3 Bf7 35. Re5
Rxa4 36. Rxa4 bxa4 37. Qxa4 Qg4 38. Qa8+ Kg7 39. Qa1 Kg8 40. Qa8+ Kg7 41. Qa1
Kg8 42. Kg1 Qg6 43. Qa8+ Kg7 44. h4 d4 45. Re7 Qf6 46. Rxc7 d3 47. Rd7 Qb2 48.
Qe8 Qb1+ 49. Kh2 Qa2 50. Qe5+ Kg8 51. Rd8+ Kh7 52. Qxf5+ Kg7 53. Qe5+ 1-0

[Event "22nd European Teams"]
[Site "Batumi GEO"]
[Date "2019.11.01"]
[Round "8.16"]
[Board "3"]
[White "Beukema, Stefan"]
[Black "Kanep, Meelis"]
[Result "0-1"]
[WhiteTitle "IM"]
[BlackTitle "GM"]
[WhiteElo "2380"]
[BlackElo "2448"]
[WhiteTeam "Belgium"]
[BlackTeam "Estonia"]
[WhiteFideId "1024523"]
[BlackFideId "4501047"]
[EventDate "2019.10.24"]

1. e4 c5 2. Nf3 d6 3. d4 Nf6 4. Nc3 cxd4 5. Nxd4 a6 6. h3 e6 7. g4 h6 8. Be3 b5
9. a3 Bb7 10. Bg2 g5 11. Nde2 Nbd7 12. O-O Ne5 13. b3 Rc8 14. f4 gxf4 15. Bxf4
Be7 16. Qe1 h5 17. g5 Nfd7 18. h4 Ng4 19. Rd1 Qb6+ 20. Kh1 Nde5 21. Nd4 Qc5 22.
Nce2 Qxa3 23. Bd2 Qc5 24. Bb4 Qb6 25. Nf4 Rh7 26. g6 Nxg6 27. Nxg6 fxg6 28. Nxe6
Qe3 29. Ng5 Qxe1 30. Rdxe1 Bxg5 31. hxg5 Rxc2 32. Bxd6 Rf7 33. Kg1 Rxf1+ 34.
Bxf1 Kd7 35. e5 Rc3 36. Be2 Rg3+ 37. Kf1 Bg2+ 38. Kg1 Bh3+ 39. Kh1 Nf2+ 40. Kh2
Rg2# 0-1

[Event "22nd European Teams"]
[Site "Batumi GEO"]
[Date "2019.11.01"]
[Round "8.16"]
[Board "4"]
[White "Seeman, Tarvo"]
[Black "Dardha, Arben"]
[Result "1/2-1/2"]
[WhiteTitle "IM"]
[BlackTitle "FM"]
[WhiteElo "2394"]
[BlackElo "2286"]
[WhiteTeam "Estonia"]
[BlackTeam "Belgium"]
[WhiteFideId "4500547"]
[BlackFideId "4700481"]
[EventDate "2019.10.24"]

1. Nf3 c5 2. c4 Nc6 3. Nc3 Nf6 4. g3 g6 5. Bg2 Bg7 6. O-O d5 7. d4 O-O 8. cxd5
Nxd5 9. Nxd5 Qxd5 10. Be3 Qh5 11. dxc5 Bxb2 12. Rb1 Bf6 13. Qa4 Rb8 14. Nd4 Nxd4
15. Bxd4 Bxd4 16. Qxd4 Bh3 17. Bf3 Qg5 18. Rfc1 Rfd8 19. Qe3 Qxe3 20. fxe3 b6
21. g4 bxc5 22. Rxb8 Rxb8 23. Rxc5 Rb4 24. e4 Ra4 25. Rc2 h5 26. gxh5 gxh5 27.
Bxh5 Be6 28. Kf2 a5 29. Rc3 Bxa2 30. Bg4 Rxe4 31. Bf3 Re5 32. Kg3 a4 33. Rc8+
Kg7 34. Ra8 Bb3 35. Kf4 Rc5 36. h4 Rc4+ 37. Kg3 Bc2 38. Ra7 e6 39. Bh5 Bg6 40.
Bg4 Kf6 41. Bf3 Rb4 42. Ra5 Be4 43. Ra7 Bf5 44. Bh5 Bg6 45. Bf3 Rc4 46. Ra5 e5
47. Ra6+ Kg7 48. h5 Bf5 49. Bd5 Rg4+ 50. Kf3 Rf4+ 51. Kg3 Bc2 52. Ra7 Rf6 53.
Kh4 Rf2 54. Kg5 Rf5+ 55. Kg4 Rf4+ 56. Kg5 Bb3 1/2-1/2

[Event "22nd European Teams"]
[Site "Batumi GEO"]
[Date "2019.11.01"]
[Round "8.17"]
[Board "1"]
[White "Andersen, Mads"]
[Black "Pechac, Jergus"]
[Result "1-0"]
[WhiteTitle "GM"]
[BlackTitle "GM"]
[WhiteElo "2601"]
[BlackElo "2491"]
[WhiteTeam "Denmark"]
[BlackTeam "Slovakia"]
[WhiteFideId "1413864"]
[BlackFideId "14926970"]
[EventDate "2019.10.24"]

1. Nf3 d5 2. d4 Nf6 3. c4 c6 4. Nbd2 Bf5 5. Nh4 Be6 6. e3 g5 7. Nhf3 g4 8. Ne5
Nbd7 9. cxd5 cxd5 10. Nb3 Bg7 11. Bd2 Nxe5 12. dxe5 Ne4 13. Bb5+ Kf8 14. Ba5 Qb8
15. f3 gxf3 16. gxf3 b6 17. fxe4 bxa5 18. exd5 Qxb5 19. dxe6 Qc6 20. Rf1 Qxe6
21. Nc5 Qc4 22. Rc1 Qb4+ 23. Rc3 Qxb2 24. Rb3 Qg2 25. e4 Qxh2 26. Qd5 Qh4+ 27.
Rf2 Qh1+ 28. Rf1 Qh4+ 29. Kd2 Qg5+ 30. Re3 Qg2+ 31. Ke1 1-0

[Event "22nd European Teams"]
[Site "Batumi GEO"]
[Date "2019.11.01"]
[Round "8.17"]
[Board "2"]
[White "Ftacnik, Lubomir"]
[Black "Thybo, Jesper Sondergaard"]
[Result "1/2-1/2"]
[WhiteTitle "GM"]
[BlackTitle "IM"]
[WhiteElo "2520"]
[BlackElo "2550"]
[WhiteTeam "Slovakia"]
[BlackTeam "Denmark"]
[WhiteFideId "14900017"]
[BlackFideId "1438832"]
[EventDate "2019.10.24"]

1. d4 Nf6 2. Nf3 d5 3. c4 e6 4. Nc3 dxc4 5. e4 Bb4 6. Bg5 h6 7. Bxf6 Qxf6 8.
Bxc4 c5 9. O-O cxd4 10. Nb5 Qe7 11. Qxd4 O-O 12. e5 a6 13. Nd6 Nc6 14. Nxc8
Raxc8 15. Qe4 Rfd8 16. Rad1 Rxd1 17. Rxd1 Rd8 18. Rxd8+ Qxd8 19. Bd3 Bc5 20.
Qh7+ Kf8 21. Qh8+ Ke7 22. Qxd8+ Kxd8 23. Be4 Kc7 24. Kf1 b5 25. g3 a5 26. Ke2 a4
27. h4 Nb4 28. Bb1 g6 29. Ne1 a3 30. bxa3 Nd5 31. Bd3 Nc3+ 32. Kd2 Bxf2 33. Nf3
b4 34. g4 Bg3 35. h5 gxh5 36. gxh5 Bf4+ 37. Kc2 Nd5 38. Bb5 bxa3 39. Be8 f5 40.
exf6 Nxf6 41. Bg6 e5 42. Kb3 e4 43. Nd4 Bc1 44. Kc2 Bb2 45. Nf5 Nd5 46. Bf7 Nf4
47. Kd2 Nd3 48. Ke3 Ne5 49. Nxh6 Bc1+ 50. Kxe4 1/2-1/2

[Event "22nd European Teams"]
[Site "Batumi GEO"]
[Date "2019.11.01"]
[Round "8.17"]
[Board "3"]
[White "Bjerre, Jonas Buhl"]
[Black "Jurcik, Marian"]
[Result "1-0"]
[WhiteTitle "IM"]
[BlackTitle "GM"]
[WhiteElo "2506"]
[BlackElo "2486"]
[WhiteTeam "Denmark"]
[BlackTeam "Slovakia"]
[WhiteFideId "1444948"]
[BlackFideId "14907518"]
[EventDate "2019.10.24"]

1. d4 d5 2. c4 e6 3. Nf3 Nf6 4. g3 Bb4+ 5. Bd2 Be7 6. Bg2 O-O 7. O-O Nbd7 8. Nc3
dxc4 9. e4 c6 10. Bf4 a5 11. a4 Qb6 12. Qe2 Qa6 13. Rfd1 Re8 14. Nd2 Nb6 15. Bf1
Bb4 16. Bc7 Nfd7 17. Qf3 Qa7 18. h4 h6 19. Qf4 e5 20. dxe5 Nf8 21. Bxb6 Qxb6 22.
Nxc4 Qc5 23. Nd6 Re7 24. Nd5 cxd5 25. Rac1 Ng6 26. Rxc5 Nxf4 27. Rxc8+ Rxc8 28.
Nxc8 Rc7 29. Nb6 Ng6 30. exd5 Nxe5 31. d6 Rc2 32. d7 Nxd7 33. Nxd7 Rxb2 34. h5
g6 35. hxg6 fxg6 36. Ne5 Kg7 37. Bb5 Rd2 38. Rc1 b6 39. Nc4 Re2 40. Nxb6 Re1+
41. Rxe1 Bxe1 42. Nd5 h5 43. Be8 Bd2 44. Kf1 Kh6 45. Ne7 1-0

[Event "22nd European Teams"]
[Site "Batumi GEO"]
[Date "2019.11.01"]
[Round "8.17"]
[Board "4"]
[White "Nayhebaver, Martin"]
[Black "Schandorff, Lars"]
[Result "0-1"]
[WhiteTitle "IM"]
[BlackTitle "GM"]
[WhiteElo "2481"]
[BlackElo "2496"]
[WhiteTeam "Slovakia"]
[BlackTeam "Denmark"]
[WhiteFideId "14923432"]
[BlackFideId "1400070"]
[EventDate "2019.10.24"]

1. e4 c6 2. d4 d5 3. e5 Bf5 4. Nf3 e6 5. Be2 c5 6. O-O Nc6 7. c3 cxd4 8. Nxd4
Bg6 9. c4 dxc4 10. Nxc6 Qxd1 11. Rxd1 bxc6 12. Bxc4 Bc5 13. Nc3 Ne7 14. Bg5 h6
15. Bxe7 Kxe7 16. Na4 Bb4 17. Bd3 Bxd3 18. Rxd3 Rhd8 19. Rb3 Rd4 20. a3 Rad8 21.
g3 Ba5 22. Rb7+ R8d7 23. Rxd7+ Kxd7 24. Nc5+ Kc7 25. Nb3 Rd5 26. Nxa5 Rxa5 27.
Re1 Rd5 28. Re4 c5 29. Ra4 Kb6 30. Rf4 Rd7 31. h4 g6 32. h5 gxh5 33. Kg2 a5 34.
Kh3 Kc6 35. Kh4 Rb7 36. Kxh5 Kd5 37. Kxh6 Kxe5 38. Ra4 Rxb2 39. f4+ Kd5 40. Rxa5
Rg2 41. Ra7 Rxg3 42. Rxf7 Rxa3 43. Kg5 Re3 44. Rf8 c4 45. Rd8+ Kc5 46. Re8 Kd4
47. Rd8+ 0-1

[Event "22nd European Teams"]
[Site "Batumi GEO"]
[Date "2019.11.01"]
[Round "8.18"]
[Board "1"]
[White "Saraci, Nderim"]
[Black "Macovei, Andrei"]
[Result "0-1"]
[WhiteTitle "IM"]
[BlackTitle "IM"]
[WhiteElo "2396"]
[BlackElo "2426"]
[WhiteTeam "Kosovo"]
[BlackTeam "Moldova"]
[WhiteFideId "6351921"]
[BlackFideId "13904680"]
[EventDate "2019.10.24"]

1. e4 c6 2. d4 d5 3. Nd2 dxe4 4. Nxe4 Nf6 5. Bd3 Nbd7 6. Nxf6+ Nxf6 7. Ne2 Bf5
8. Bxf5 Qa5+ 9. c3 Qxf5 10. O-O e6 11. Qb3 O-O-O 12. Bf4 Nd5 13. Be3 Bd6 14. c4
Nxe3 15. fxe3 Qh5 16. Nf4 Qh6 17. d5 exd5 18. cxd5 c5 19. Qc2 Kb8 20. Qf5 Rhe8
21. Rf3 g5 22. Rh3 Qg7 23. Rxh7 Qxb2 24. Rb1 Qd2 25. Ne6 Qxe3+ 26. Kh1 Rd7 27.
Rxf7 Rh8 28. Rf8+ Bxf8 29. Nxf8 Re7 30. h3 Qe4 31. Nd7+ Ka8 32. Qxe4 Rxe4 33.
Nxc5 Re5 34. Ne6 Kb8 35. Nc5 Rxd5 36. Rxb7+ Ka8 37. Rc7 g4 38. Kg1 g3 39. Kf1
Re8 0-1

[Event "22nd European Teams"]
[Site "Batumi GEO"]
[Date "2019.11.01"]
[Round "8.18"]
[Board "2"]
[White "Schitco, Ivan"]
[Black "Makolli, Perparim"]
[Result "1-0"]
[WhiteTitle "IM"]
[BlackTitle "FM"]
[WhiteElo "2492"]
[BlackElo "2241"]
[WhiteTeam "Moldova"]
[BlackTeam "Kosovo"]
[WhiteFideId "13905465"]
[BlackFideId "908630"]
[EventDate "2019.10.24"]

1. Nf3 d5 2. c4 e6 3. g3 Nf6 4. Bg2 Be7 5. O-O c5 6. d4 O-O 7. cxd5 exd5 8. Nc3
h6 9. dxc5 Na6 10. Be3 Nxc5 11. Rc1 Be6 12. Nd4 Rc8 13. b4 Ncd7 14. Nxe6 fxe6
15. Bh3 Kf7 16. Nb5 Bxb4 17. Rxc8 Qxc8 18. Qa4 Bc5 19. Rc1 Qc6 20. Bxc5 Nxc5 21.
Qb4 Nfd7 22. Nxa7 Qa4 23. Qxa4 Nxa4 24. Nc8 Nac5 25. Nb6 Ke7 26. Nxd7 Nxd7 27.
e4 dxe4 28. Rc4 e3 29. fxe3 Ra8 30. a4 Ra5 31. Bg4 Nb6 32. Re4 e5 33. Bd1 Nd7
34. Rb4 Nc5 35. Bc2 Ra6 36. Kf1 Kd7 37. h4 Rf6+ 38. Ke2 Kc7 39. Rg4 Rf7 40. Rg6
b6 41. Kd2 Nb7 42. Bb3 Re7 43. Kc3 Nd6 44. Bd5 Kd7 45. e4 Kc7 46. Kb4 Kd7 47. g4
Kc7 48. Ka3 Kd7 49. Kb3 Kc7 50. h5 Kd7 51. g5 hxg5 52. Rxg5 Kc7 53. Rg1 Kb8 54.
Kb4 Kc8 55. Rg6 Kc7 56. Kc3 Kd7 57. Kd3 Kc7 58. Ke3 Kd7 59. Kf3 Kc7 60. Kg3 Kd7
61. Kh4 Kc7 62. Rg1 Kb8 63. Rb1 Ka7 64. Rc1 Ka6 65. Kg5 Ka5 66. Rc6 Nb7 67. Re6
Rxe6 68. Bxe6 Nc5 69. Bd5 Nd3 70. Bf7 Nf2 1-0

[Event "22nd European Teams"]
[Site "Batumi GEO"]
[Date "2019.11.01"]
[Round "8.18"]
[Board "4"]
[White "Hamitevici, Vladimir"]
[Black "Idrizaj, Abedin"]
[Result "1-0"]
[WhiteTitle "GM"]
[WhiteElo "2472"]
[BlackElo "2231"]
[WhiteTeam "Moldova"]
[BlackTeam "Kosovo"]
[WhiteFideId "13902393"]
[BlackFideId "4672046"]
[EventDate "2019.10.24"]

1. d4 Nf6 2. Nf3 e6 3. g3 b6 4. Bg2 Bb7 5. c4 Be7 6. O-O O-O 7. Re1 c5 8. d5
exd5 9. Nh4 g6 10. cxd5 d6 11. Nc3 Nbd7 12. e4 Re8 13. h3 Rb8 14. Bf1 a6 15. a4
Bc8 16. Rb1 Nh5 17. Nf5 Bf8 18. Nh6+ Kg7 19. g4 Nhf6 20. g5 Ng8 21. Ng4 Ne5 22.
Nh2 f6 23. f4 Nf7 24. gxf6+ Nxf6 25. b4 Qc7 26. b5 a5 27. Rb2 Kh8 28. Rf2 Bg7
29. Bb2 Bd7 30. Qa1 Nh5 31. Nd1 Re7 32. Ng4 Rf8 33. e5 Bf5 34. e6 Nd8 35. Nde3
Bxg4 36. Nxg4 Rxf4 37. Rxf4 Nxf4 38. Bxg7+ 1-0